zpět

Detail výsledku týmu

Bohemia Café, Česká Lípa

Datum a čas kvízu

30.5 Celkem bodů Celkový počet nahraných bodů na tomto kvízu bez doplňovacích otázek.
3. Pořadí na kvízu Konečné umístění týmu na tomto kvízu.

Zaznamenané odpovědi

# Otázka Odpověď Body Výsledky
1. V České republice je aktuálně... Olomouc 0
2. Minulý týden se svět dozvěděl... vydlabaná dýně 1
3. Jedna hudební kapela způsobila... Måneskin 0
4. Jedna automobilka v úterý před... Škoda 1
5. Česká basketbalová reprezentac... Polsko, Srbsko 0
6. V následujících otázkách se bu... (svatý) Vojtěch, benediktíni 0
7. Klášter a zříceninu kláštera,... Porta coeli, Rosa coeli 0
8. Nyní si připomeneme klášterní... 1C 2B 3A 4D 0
9. Na obrázku vidíme jeden z kláš... Řecko 1
10. Která známá osobnost byla v le... Johann Gregor Mendel 0